Southville International School and Colleges
Your cart is empty.
  • Cart
  • Lists
    Public lists Eva Luna New books Lux_list list_1
    Your lists Log in to create your own lists
  • Log in to your account
  • Your cookies
  • Search history
Southville International School and Colleges
  • Advanced search
  • Recent comments
  • Most popular
  • Libraries

Log in to your account

Log in with GOOGLE


If you do not have an external account, but do have a local account, you can still log in:

  1. Home
  2. MARC view: Attachment as a Function of Parental and Partner Approach-Avoidance Tendencies /
Normal view MARC view ISBD view

Attachment as a Function of Parental and Partner Approach-Avoidance Tendencies / (Record no. 121232)

[ view plain ]
MARC details
000 -LEADER
fixed length control field 00605nam a2200205Ia 4500
008 - FIXED-LENGTH DATA ELEMENTS--GENERAL INFORMATION
fixed length control field 140626s9999 xx 000 0 und d
100 ## - MAIN ENTRY--PERSONAL NAME
Personal name Le Poire, Beth..
245 ## - TITLE STATEMENT
Title Attachment as a Function of Parental and Partner Approach-Avoidance Tendencies /
Statement of responsibility, etc Beth ... [et al.].Le Poire
260 ## - PUBLICATION, DISTRIBUTION, ETC. (IMPRINT)
Date of publication, distribution, etc c1997.
300 ## - PHYSICAL DESCRIPTION
Extent 23 : 3, page 413
440 ## - SERIES STATEMENT/ADDED ENTRY--TITLE
Title Human Communication Research
521 ## - TARGET AUDIENCE NOTE
Target audience note
650 ## - SUBJECT ADDED ENTRY--TOPICAL TERM
Topical term or geographic name as entry element Approach-avoidance tendencies.
650 ## - SUBJECT ADDED ENTRY--TOPICAL TERM
Topical term or geographic name as entry element Attachment theory.
650 ## - SUBJECT ADDED ENTRY--TOPICAL TERM
Topical term or geographic name as entry element Communication.
650 ## - SUBJECT ADDED ENTRY--TOPICAL TERM
Topical term or geographic name as entry element Couples.
650 ## - SUBJECT ADDED ENTRY--TOPICAL TERM
Topical term or geographic name as entry element Parents.
650 ## - SUBJECT ADDED ENTRY--TOPICAL TERM
Topical term or geographic name as entry element Stability issues.
942 ## - ADDED ENTRY ELEMENTS (KOHA)
Koha item type Periodicals
Holdings
Withdrawn status Lost status Damaged status Home library Current library Shelving location Date acquired Total Checkouts Barcode Date last seen Price effective from Koha item type
      College Library College Library Periodical Section 06/26/2014   S0340 06/26/2014 06/26/2014 Periodicals

Attachment as a Function of Parental and Partner Approach-Avoidance Tendencies /

APA

Le Poire B., . (1997). Attachment as a Function of Parental and Partner Approach-Avoidance Tendencies. : .

Chicago

Le Poire Beth, . 1997. Attachment as a Function of Parental and Partner Approach-Avoidance Tendencies. : .

Harvard

Le Poire B., . (1997). Attachment as a Function of Parental and Partner Approach-Avoidance Tendencies. : .

MLA

Le Poire Beth, . Attachment as a Function of Parental and Partner Approach-Avoidance Tendencies. : . 1997.

  • Place hold
  • Print
  • Cite
  • Add to your cart (remove)
  • Save record
    BIBTEX Dublin Core MARCXML MARC (non-Unicode/MARC-8) MARC (Unicode/UTF-8) MARC (Unicode/UTF-8, Standard) MODS (XML) RIS
  • More searches
    Search for this title in:
    Other Libraries (WorldCat) Other Databases (Google Scholar) Online Stores (Bookfinder.com) Open Library (openlibrary.org)

Exporting to Dublin Core...

SOUTHVILLE LIBRARY

Southville International School and Colleges Library

1281 Tropical Ave. Cor. Luxembourg St., BF Homes International, Las Pinas City

Tel. No. 8256374 / 252358 Loc. 117/146

Powered by Koha